000
00304nam a22001337a 4500
008
181016b xxu||||| |||| 00| 0 eng d
020
_a
9780314578310
041
_a
eng
080
_2
5 ed
_a
616.39
100
_a
10
101
_a
NUT
245
_a
Understanding Nutrition
_c
Whitney.R
942
_2
udc
_c
BK
999
_c
49807
_d
49807